Microeconomía principios y aplicaciones (Registro nro. 49338)

Detalles MARC
000 -ENCABEZADO
Número de control [NR] 00867nam a2200241Ia 4500
008 - DE LONGITUD FIJA DE DATOS DE ELEMENTOS - INFORMACIÓN GENERAL
Elementos de longitud fija [NR] 130821s2005 mx a gr spa
020 ## - NUMERO INTERNACIONAL NORMALIZADO PARA LIBROS [R]
Número Internacional Normalizado del libro [NR] 9706864245
040 ## - FUENTE DE CATALOGACION [NR]
Agencia de catalogación original [NR] Co-BoUCM
Idioma de catalogación [NR] spa
041 00 - CODIGO DE IDIOMA [R]
Código de idioma para texto/pista de sonido o título separado [R] Español
100 1# - ASIENTO PRINCIPAL--NOMBRE PERSONAL [NR]
Nombre personal [NR] Hall, Robert E.
ID Autoridad 162691
245 10 - MENCION DE TITULO [NR]
Título [NR] Microeconomía principios y aplicaciones
Mención de responsabilidad, etc. [NR] Robert E. Hall, Marc Liberman; traducción de Roberto Luis Escalona García
250 ## - MENCION DE EDICION [NR]
Mención de edición [NR] 3a. Ed.
260 ## - PUBLICACION, DISTRIBUCION, ETC. (PIE DE IMPRENTA) [R]
Lugar de publicación, distribución, etc. [R] México D.F. (México)
Nombre del editor, distribuidor, etc. [R] Thomson
Fecha de publicación, distribución, etc. [R] 2005
300 ## - DESCRIPCION FISICA [R]
Extensión [R] xxi, 625 páginas
Otros detalles físicos [NR] ilustraciones, cuadros, tablas
504 ## - NOTA DE BIBLIOGRAFIA, ETC. [R]
Nota de bibliografía, etc. [NR]
650 04 - ASIENTO SECUNDARIO DE MATERIA - TERMINO TEMATICO [R]
Término temático o nombre geográfico como elemento de entrada [NR] Economía
9 (RLIN) 174
650 04 - ASIENTO SECUNDARIO DE MATERIA - TERMINO TEMATICO [R]
Término temático o nombre geográfico como elemento de entrada [NR] Microeconomía
9 (RLIN) 19488
650 04 - ASIENTO SECUNDARIO DE MATERIA - TERMINO TEMATICO [R]
Término temático o nombre geográfico como elemento de entrada [NR] Política financiera
9 (RLIN) 21985
700 1# - ASIENTO SECUNDARIO - NOMBRE PERSONAL [R]
Nombre personal [NR] ESCALONA GARCIA, Roberto Luis
Término de relación [R]
9 (RLIN) 162692
765 10 - ASIENTO DE IDIOMA ORIGINAL [R]
Asiento principal [NR] Microeconomics principles and applications.
942 ## - ELEMENTOS DE ENTRADA AGREGADOS (KOHA)
Tipo de ítem principal el descrito en 300a Libro
Tema principal Economía
Edición 3
Parte restante de la signatura top. H174m
Sistema de clasificación DEWEY
Clasificación 338.5
Existencias
Fecha de último préstamo Total préstamos Total Renewals Signatura topográfica Código de barras Última vez visto Volúmen / Fascículo Ejemplar Price effective from Tipo de ítem Perdido Sistema de clasificación Dañado No prestable Tipo de ítem específico Suprimido Ubicación habitual Ubicación actual Localización Fecha de creación Forma de adquisición Costo
04/03/2026 19 3 338.5 H174m 100078305 07/04/2026 3a. Ed. Ej.1 03/02/2013 Libro   DEWEY     Libro   Claustro Claustro Mezanine 28/02/2006 Compra 48000.00